1710 1690 1007 1283 1000 1884 1543 1309 1193 1658 1724 1924 1626 1769 1959 1935 1500 1320 1792 1736 1350 1112 1771 1035 1579 1208 1707 1932 1695 1196 1950 1323 1757 1959 1246 1341 1314 1491 1875 1049 1220 1757 1389 1260 1388 1739 1589 1788 1706 1894 1440 1550 1687 1840 1567 1014 1146 1716 1459 1621 1433 1184 1422 1366 1718 1079 1494 1914 1669 1743 1642 1024 1528 1324 1716 1834 1304 1169 1990 1854 1796 1866 1562 1470 1532 1467 1971 1962 1232 1485 1230 1096 1336 1260 1802 1033 1046 1887 1678 BCNSPRNW ULIB Ver.6.0+V

เปลี่ยนเป็นภาษาไทย

Change to English
 แสดงรายละเอียดบรรณานุกรม
  กลับหน้าหลัก

Brief Record : Get Marc (ISO 2709) : E-mail record : QR code < ปิดหน้าต่าง
LEADER : 00000nam 2200000uu 4500
001    13399127552
003     ULIB
008    210126s||||||||th 000 0 tha d
020    ^a9786163983046
060    ^aWY159^bพ236ก
100    ^aพิมพาภรณ์ กลั่นกลิ่น
245    ^aการพยาบาลเด็กเพื่อการสร้างเสริมสุขภาพ
250    ^aพิมพ์ครั้งที่ 2
260    ^aเชียงใหม่ :^bคณะพยาบาลศาสตร์ มหาวิทยาลัยเชียงใหม่.,^c2561
300    ^a239 หน้า :^bภาพประกอบ, ตาราง ;^c26 ซม.
650    ^aการพยาบาลเด็ก
650    ^aการสร้างเสริมสุขภาพ
710    ^aมหาวิทยาลัยเชียงใหม่. โครงการตำราคณะพยาบาลศาสตร์
945    ^p200^l0^i28507
945    ^p200^l0^i28508
945    ^p200^l0^i28509
945    ^p200^l0^i28510
945    ^p200^l0^i28511
945    ^p200^l0^i28512
945    ^p200^l0^i28513
945    ^p200^l0^i28514
945    ^p200^l0^i28515
945    ^p200^l0^i28516
999    ^aกัณชพร จุลอักษร
รายการนี้ยังไม่มีแท็ก
คุณยังไม่ได้ล็อกอิน คุณสามารถมีกิจกรรมร่วมกับเว็บไซต์ได้ แต่ต้องล็อกอินก่อน ::
  ล็อกอิน

รายการสื่อสารสนเทศ

ลำดับที่ ประเภท เลขเรียก/บาร์โค้ด สถานที่ สถานะ
1. หนังสือสำรอง
หนังสือสำรอง
WY159 พ236ก ฉ.1 
  Barcode: 28507
ห้องสมุดวิทยาเขตนครสวรรค์
►หนังสือทั่วไป:l:General Books
บนชั้น
2. วิทยาศาสตร์การแพทย์ และสุขภาพ
วิทยาศาสตร์การแพทย์ และสุขภาพ
WY159 พ236ก ฉ.10 
  Barcode: 28516
ห้องสมุดวิทยาเขตนครสวรรค์
►หนังสือทั่วไป:l:General Books
บนชั้น
3. วิทยาศาสตร์การแพทย์ และสุขภาพ
วิทยาศาสตร์การแพทย์ และสุขภาพ
WY159 พ236ก ฉ.2 
  Barcode: 28508
ห้องสมุดวิทยาเขตนครสวรรค์
►หนังสือทั่วไป:l:General Books
บนชั้น
4. วิทยาศาสตร์การแพทย์ และสุขภาพ
วิทยาศาสตร์การแพทย์ และสุขภาพ
WY159 พ236ก ฉ.3 
  Barcode: 28509
ห้องสมุดวิทยาเขตนครสวรรค์
►หนังสือทั่วไป:l:General Books
บนชั้น
5. วิทยาศาสตร์การแพทย์ และสุขภาพ
วิทยาศาสตร์การแพทย์ และสุขภาพ
WY159 พ236ก ฉ.4 
  Barcode: 28510
ห้องสมุดวิทยาเขตนครสวรรค์
►หนังสือทั่วไป:l:General Books
บนชั้น
6. วิทยาศาสตร์การแพทย์ และสุขภาพ
วิทยาศาสตร์การแพทย์ และสุขภาพ
WY159 พ236ก ฉ.5 
  Barcode: 28511
ห้องสมุดวิทยาเขตนครสวรรค์
►หนังสือทั่วไป:l:General Books
บนชั้น
7. วิทยาศาสตร์การแพทย์ และสุขภาพ
วิทยาศาสตร์การแพทย์ และสุขภาพ
WY159 พ236ก ฉ.6 
  Barcode: 28512
ห้องสมุดวิทยาเขตนครสวรรค์
►หนังสือทั่วไป:l:General Books
บนชั้น
8. วิทยาศาสตร์การแพทย์ และสุขภาพ
วิทยาศาสตร์การแพทย์ และสุขภาพ
WY159 พ236ก ฉ.7 
  Barcode: 28513
ห้องสมุดวิทยาเขตนครสวรรค์
►หนังสือทั่วไป:l:General Books
บนชั้น
9. วิทยาศาสตร์การแพทย์ และสุขภาพ
วิทยาศาสตร์การแพทย์ และสุขภาพ
WY159 พ236ก ฉ.8 
  Barcode: 28514
ห้องสมุดวิทยาเขตนครสวรรค์
►หนังสือทั่วไป:l:General Books
บนชั้น
10. วิทยาศาสตร์การแพทย์ และสุขภาพ
วิทยาศาสตร์การแพทย์ และสุขภาพ
WY159 พ236ก ฉ.9 
  Barcode: 28515
ห้องสมุดวิทยาเขตนครสวรรค์
►หนังสือทั่วไป:l:General Books
บนชั้น

รายการใกล้เคียง
    ชื่อเรื่อง [การพยาบาลเด็กเพื่อการสร้างเสริมสุขภาพ]

    ผู้แต่ง [พิมพาภรณ์ กลั่นกลิ่น]

    หัวเรื่อง [การพยาบาลเด็ก]
    หัวเรื่อง [การสร้างเสริมสุขภาพ]

BibComment


ยังไม่เคยถูกคอมเมนท์

คอมเมนท์ทรัพยากรรายการนี้
  คอมเมนท์: การพยาบาลเด็กเพื..


 Copyright 2026. Bcnsprnw @Library